For a socialist Hungary : (Record no. 9734)
[ view plain ]
| 000 -LEADER | |
|---|---|
| fixed length control field | 01196cam a2200337 i 4500 |
| 001 - CONTROL NUMBER | |
| control field | 2238068 |
| 003 - CONTROL NUMBER IDENTIFIER | |
| control field | OSt |
| 005 - DATE AND TIME OF LATEST TRANSACTION | |
| control field | 20260511143951.0 |
| 008 - FIXED-LENGTH DATA ELEMENTS--GENERAL INFORMATION | |
| fixed length control field | 760707s1974 hu 000 0 eng |
| 010 ## - LIBRARY OF CONGRESS CONTROL NUMBER | |
| LC control number | 76357871 |
| 035 ## - SYSTEM CONTROL NUMBER | |
| System control number | 2238068 |
| 040 ## - CATALOGING SOURCE | |
| Original cataloging agency | DLC |
| Transcribing agency | DLC |
| Modifying agency | DLC |
| 041 1# - LANGUAGE CODE | |
| Language code of text/sound track or separate title | eng |
| -- | hun |
| 043 ## - GEOGRAPHIC AREA CODE | |
| Geographic area code | e-hu--- |
| 050 00 - LIBRARY OF CONGRESS CALL NUMBER | |
| Classification number | DB956 |
| Item number | .K29213 |
| 082 00 - DEWEY DECIMAL CLASSIFICATION NUMBER | |
| Classification number | 320.531 KAD |
| 100 1# - MAIN ENTRY--PERSONAL NAME | |
| Personal name | Kádár, János, |
| Dates associated with a name | 1912- |
| 240 10 - UNIFORM TITLE | |
| Uniform title | Kádár János a szocialista Magyarországért. |
| Language of a work | English |
| 245 10 - TITLE STATEMENT | |
| Title | For a socialist Hungary : |
| Remainder of title | speeches, articles, interviews 1968-1972 / |
| Statement of responsibility, etc. | János Kádár ; [translated by Gyula Gulyás and Károly Ravasz ; translation rev. by Ursula McLean]. |
| 260 ## - PUBLICATION, DISTRIBUTION, ETC. (IMPRINT) | |
| Place of publication, distribution, etc. | [Budapest] : |
| Name of publisher, distributor, etc. | Corvina Press, |
| Date of publication, distribution, etc. | 1968. |
| 300 ## - PHYSICAL DESCRIPTION | |
| Extent | 404 p. ; |
| Dimensions | 22 cm. |
| 336 ## - CONTENT TYPE | |
| Content type term | text |
| Content type code | txt |
| Source | rdacontent |
| 337 ## - MEDIA TYPE | |
| Media type term | unmediated |
| Media type code | n |
| Source | rdamedia |
| 338 ## - CARRIER TYPE | |
| Carrier type term | volume |
| Carrier type code | nc |
| Source | rdacarrier |
| 500 ## - GENERAL NOTE | |
| General note | Translation of Kádár János a szocialista Magyarországért. |
| 650 #0 - SUBJECT ADDED ENTRY--TOPICAL TERM | |
| Topical term or geographic name as entry element | World politics |
| Chronological subdivision | 1965-1975. |
| 651 #0 - SUBJECT ADDED ENTRY--GEOGRAPHIC NAME | |
| Geographic name | Hungary |
| General subdivision | Politics and government |
| Chronological subdivision | 1945-1989. |
| 906 ## - LOCAL DATA ELEMENT F, LDF (RLIN) | |
| a | 7 |
| b | cbu |
| c | orignew |
| d | u |
| e | ncip |
| f | 19 |
| g | y-gencatlg |
| 942 ## - ADDED ENTRY ELEMENTS (KOHA) | |
| Source of classification or shelving scheme | Dewey Decimal Classification |
| Koha item type | BOOKS |
| Withdrawn status | Lost status | Source of classification or shelving scheme | Damaged status | Not for loan | Home library | Current library | Shelving location | Date acquired | Total Checkouts | Full call number | Barcode | Date last seen | Price effective from | Koha item type |
|---|---|---|---|---|---|---|---|---|---|---|---|---|---|---|
| Dewey Decimal Classification | Dodoma | Dodoma | Ground Floor | 11/05/2026 | 320.531 KAD | LIB003594 | 11/05/2026 | 11/05/2026 | BOOKS |
